000 00965nam a22002417a 4500
005 20140321093159.0
008 140321t2009 ck abdogr|||||000|0 spa d
020 _a9789589870129
041 _aspa
044 _ack
082 _a598.09861
_bC153s
110 2 _aCalidris
_922250
245 1 0 _aSitios importantes para la conservación de las aves playeras en Colombia
_cCalidris, U.S. Fish & Wildlife Services, Richard Johnston-González, Diana Eusse-González
260 3 _aCali
_bCalidris
_c2009
300 _a32 p.
_bil., fot., mapas, tablas
_c28 cm
504 _aIncluye biliografía (páginas 31 y 32)
650 4 _aAves playeras
_vEstudio de casos
_xConservación
_zColombia
_923037
650 4 _aAves playeras
_vEstudio de sitios
_xEcosistema
_zColombia
_923038
700 1 _aJohnston-González, Richard
_922255
700 1 _aEusse-González, Diana
_923039
710 2 _aU.S. Fish & Wildlife Services
_bDepartment of the Interior
_923040
942 _2ddc
_cImpreso
999 _c8301
_d8301